LEADER 01649nam a2200325 u 4500 001 000000113582 003 CaOOAMICUS 005 20090729144419.0 008 081021s2006 it u000 u ita u 020 $a88-215-4705-1 040 $aPUL$bita$dLDB 041 1 $aita$agrc$alat$aheb 130 0 $aBiblia.$pV.T.$pDeuteronomium.$lEbraico-Italiano.$0(OLS)http://pul/title/139827 245 10$aDeuteronomio :$bebraico, greco, latino, italiano /$ctesto della Biblia Hebraica Stuttgartensia ; traduzione interlineare di Cristiana Doveri ; testo greco dei Settanta, ed. Alfred Rahlfs ; testo latino della Vulgata Clementina ; testo italiano della Nuovissima versione della Bibbia ; a cura di Piergiorgio Beretta. 260 $aMilano :$bSan Paolo,$cc2002. 300 $a16*, 233 p. ;$c25 cm. 490 1 $aBibbia ebraica interlineare ;$v05 500 $aContiene indici. 504 $aBibliografia in nota. 546 $aTesto in ebraico, greco, latino ed italiano. 700 1 $aBeretta, Piergiorgio.$0(OLS)http://pul/name/48887 700 1 $aDoveri, Cristiana.$0(OLS)http://pul/name/53322 700 1 $aRahlfs, Alfred,$d1865-1935.$0(OLS)http://pul/name/21321 830 0$aBibbia ebraica interlineare ;$v05.$0(OLS)http://pul/title/104823 850 $aPUL 852 $aPUL$W1$xSL Religione 3$y85$m221. 4 COLL 1.5$j129777$qDDC 21$B128833$CPULBib$Z2$F128833 $H108506 $82 941 1 $a9 996 $6020$a88-215-4705-1$9(OLS)http://pul/number/138916 996 $6245$aDeuteronomio :$bebraico, greco, latino, italiano$9(OLS)http://pul/title/142713 996 $6260$aMilano :$bSan Paolo$9(OLS)http://pul/publisher/59870 LEADER 01704nam a2200373 a 4500 001 000000139093 003 CaOOAMICUS 005 20140707130043.0 008 140707s2014 gw ade 001 u fre r 020 $a978-3-7278-1758-8 (Academic Press) 020 $a978-3-525-54391-7 (Vandenhoeck & Ruprecht) 040 $aPUL$bita 041 0 $afre$aeng 082 04$a220.05 100 1 $aMichel, Patrick M.$0(OLS)http://pul/name/89706 245 13$aLe culte des pierres à Emar à l'époque hittite /$cPatrick M. Michel. 260 $aFribourg :$bAcademic Press ;$aGöttingen :$bVandenhoeck & Ruprecht,$c©2014. 300 $aVIII, 312 p. :$bill., grafici, piante ;$c24 cm 490 1 $aOrbis biblicus et orientalis ;$v266 504 $aBibliografia p. [297]-306. 546 $aInclude résumé in francese e summary in inglese. 651 4$aSiria$xAntichità.$0(OLS)http://pul/subject/24100 830 0$aOrbis biblicus et orientalis ;$v266.$0(OLS)http://pul/title/14045 850 $aPUL 852 $aPUL$W1$xSL Religione 3$y85$m220. 05 COLL 1.266$j160664$qDDC 21$B160073$CPULBib$Z2$F160073 $H124330 $82 941 1 $a9 983 0$aOBO. 996 $6020$a978-3-7278-1758-8 (Academic Press)$9(OLS)http://pul/number/155670 996 $6020$a978-3-525-54391-7 (Vandenhoeck & Ruprecht)$9(OLS)http://pul/number/155671 996 $6082$a220.05$9(OLS)http://pul/classification/282 996 $6245$aLe culte des pierres à Emar à l'époque hittite$9(OLS)http://pul/title/176107 996 $6260$aFribourg :$bAcademic Press$9(OLS)http://pul/publisher/75910 996 $6260$aGöttingen :$bVandenhoeck & Ruprecht$9(OLS)http://pul/publisher/47973